| 000 | 00644nam a2200241 a 4500 | ||
|---|---|---|---|
| 001 | nice12345678 | ||
| 003 | IN_TiNIC | ||
| 005 | 20260116011951.0 | ||
| 008 | 050524s1876 leia grp 000 0 ger | ||
| 020 |
_a _c100 |
||
| 082 | 0 | 0 |
_a181.07 _bDIE3 |
| 100 | _aDieterici, Friedrich | ||
| 245 | _aPhilosophie Der Araber Im X. Jahrhundert N Chr | ||
| 260 |
_aLeipzig _bJ. C. Hinrichs`sche Buchhandlung. _c1876 |
||
| 300 | _a227p | ||
| 500 | _aincludes index and biblioraphy | ||
| 505 | 2 | _aVon Al-Ghazali`s Hauptwerk | |
| 650 | _aPhilosophy-Islamic | ||
| 700 | 1 | _aDieterici, Friedrich | |
| 902 | _bSRS | ||
| 942 | _cBK | ||
| 999 |
_c5100 _d5100 |
||